000 00597nam a2200241Ia 4500
003 OSt
005 20220924113136.0
006 a|||||r|||| 00| 0
007 ta
008 220923b |||||||| |||| 00| 0 eng d
024 _a110127
037 _cDictionary
040 _aARTS
_cARTS
_beng
041 _2eng
_aeng
082 _aXk, L2
100 _aBanok G
_9169554
245 0 _aPenguin dictionary of economics
260 _aNewYork
_bViking
_c1972
300 _a427p.
_ccm.
650 _aECONOMICS
942 _hXk, L2
_cdic
_2cc
999 _c389353
_d389353